MARC details
| 000 -LEADER |
| fixed length control field |
02914cam a2200397 i 4500 |
| 003 - CONTROL NUMBER IDENTIFIER |
| control field |
TR-AnTOB |
| 005 - DATE AND TIME OF LATEST TRANSACTION |
| control field |
20230705085419.0 |
| 007 - PHYSICAL DESCRIPTION FIXED FIELD--GENERAL INFORMATION |
| fixed length control field |
ta |
| 008 - FIXED-LENGTH DATA ELEMENTS--GENERAL INFORMATION |
| fixed length control field |
160509s2004 tu a 0 0 tu |
| 020 ## - INTERNATIONAL STANDARD BOOK NUMBER |
| International Standard Book Number |
13026453 |
| 022 1# - INTERNATIONAL STANDARD SERIAL NUMBER |
| International Standard Serial Number |
1306-8253 |
| 040 ## - CATALOGING SOURCE |
| Original cataloging agency |
TR-AnTOB |
| Language of cataloging |
eng |
| Description conventions |
rda |
| Transcribing agency |
TR-AnTOB |
| 041 0# - LANGUAGE CODE |
| Language code of text/sound track or separate title |
Türkçe |
| 050 14 - LIBRARY OF CONGRESS CALL NUMBER |
| Classification number |
HQ1726.7 |
| Item number |
H33 2004 |
| 090 ## - LOCALLY ASSIGNED LC-TYPE CALL NUMBER (OCLC); LOCAL CALL NUMBER (RLIN) |
| Classification number (OCLC) (R) ; Classification number, CALL (RLIN) (NR) |
HQ1726.7 |
| Local cutter number (OCLC) ; Book number/undivided call number, CALL (RLIN) |
H33 2004 |
| 099 ## - LOCAL FREE-TEXT CALL NUMBER (OCLC) |
| Classification number |
JOURNAL - TÜRK HA |
| 222 #0 - KEY TITLE |
| Key title |
Türk Kültürü ve Hacı Bektaş Veli Araştırma Dergisi. |
| 245 10 - TITLE STATEMENT |
| Title |
Hacı Bektaş-ı Veli Araştırma Dergisi : |
| Remainder of title |
kadın özel dosyası / |
| Statement of responsibility, etc. |
Gazi Üniversitesi Türk Kültürü ve Hacı Bektaş Velî Araştırma merkezi. |
| 264 ## - PRODUCTION, PUBLICATION, DISTRIBUTION, MANUFACTURE, AND COPYRIGHT NOTICE |
| Place of production, publication, distribution, manufacture |
Ankara: |
| Name of producer, publisher, distributor, manufacturer |
Gazi Üniversitesi Türk Kültürü ve Hacı Bektaş Veli Araştırma Merkezi, |
| Date of production, publication, distribution, manufacture, or copyright notice |
2004. |
| 300 ## - PHYSICAL DESCRIPTION |
| Extent |
352 pages : |
| Other physical details |
illustrations ; |
| Dimensions |
24 cm. |
| 310 ## - CURRENT PUBLICATION FREQUENCY |
| Current publication frequency |
Üç ayda bir. |
| 336 ## - CONTENT TYPE |
| Source |
rdacontent |
| Content type term |
text |
| Content type code |
txt |
| 337 ## - MEDIA TYPE |
| Source |
rdamedia |
| Media type term |
unmediated |
| Media type code |
n |
| 338 ## - CARRIER TYPE |
| Source |
rdacarrier |
| Carrier type term |
volume |
| Carrier type code |
nc |
| 500 ## - GENERAL NOTE |
| General note |
"Yıl: 10 Sayı: 32 2004/ 32 Kış/Winter" |
| 505 ## - FORMATTED CONTENTS NOTE |
| Formatted contents note |
Alevi-Bektaşî İnancına Göre Kadın İbrahim BAHADIR--<br/>Alevilik, Alevi Kadınlar Zeki UYANIK--<br/>Yedi Derya (Şiir) Murtaza ŞİRİN--<br/>Anadolu’da Ulu Kadın Kişiler ve Halk İnançları Yaşar KALAFAT--<br/>İnsan Olarak Kadın, Kadının Toplumdaki Yeri ve Osmanlı’dan Kalma Önemli Bir Belge Haydar TEBEROĞLU--<br/>Çağırır (Şiir) İsmail ELİBOL--<br/>Alevi Öğretisinde ve Toplumsal Yaşamda Kadın Yaşar SEYMAN--<br/>Burla Hatun’dan Terken Hatun’a Hamiye DURAN--<br/>Aşkımız Ahirete Kaldı Mı Sandın (Şiir) Orhan Seyfi ŞİRİN--<br/>Kutadgu Bilig’de Kadın Adile Yılmaz ANIL--<br/>Fatıma Anamız (Şiir) Hüseyin ŞENGÜL--<br/>Hüseyin Rahmi Gürpınar’dan Üç Perdelik Bir Oyun ’kadın Erkekleşince’ Fatih SAKALLI--<br/>Telkînnâme Alemdar YALÇIN- Hacı YILMAZ--<br/>Osmanlı Arşiv Belgeleri Ayşegül ALTINOVA--<br/>Baraba Türklerinin İslâm Öncesi Şamanizm İnancı ve Bazı Etno - Genetik Sonuçlar Elif DEMİR- Vilmos DIÓSZEGI--<br/>Amerika Birleşik Devletleri’nde Yayımlanan Arnavut Bektaşilik Dergisi (1954-1955) Bektaşiliğin Yolu Nathalie CLAYER- Ali AKTAŞ- Didem ÇANKAYA--<br/>Kızılbaşlık ve Türkmenler Vatan ÖZGÜL--<br/>Giritli Divan Şairleri Filiz KILIÇ--<br/>Türkleşmiş Hristiyan Bektaşi Şairleri-II Vahit Lütfi SALÇI- Elvan TORUN--<br/>Mihman Ali’dir (Şiir) Doğan TÜRKDOĞAN--<br/>Anadolulu Gül Babalar İsmail Tosun SARAL--<br/>Alevilik (Bektaşilik, Kızılbaşlık) ve Onlara Yakın İnançlar İlhan ERDEM |
| 650 #7 - SUBJECT ADDED ENTRY--TOPICAL TERM |
| Topical term or geographic name entry element |
Kadın hakları |
| Source of heading or term |
etuturkob |
| 9 (RLIN) |
48842 |
|
| Topical term or geographic name entry element |
Bektaşi |
| 9 (RLIN) |
44578 |
|
| Topical term or geographic name entry element |
Kadınlar |
| Source of heading or term |
etuturkob |
| 9 (RLIN) |
11649 |
|
| Topical term or geographic name entry element |
Kadınlar, İslamda |
| 9 (RLIN) |
125901 |
|
| Topical term or geographic name entry element |
Kadınlar |
| General subdivision |
Eğitim |
| Source of heading or term |
etuturkob |
| 9 (RLIN) |
9541 |
| 710 1# - ADDED ENTRY--CORPORATE NAME |
| Corporate name or jurisdiction name as entry element |
Türk Kültürü ve Hacı Bektaş Veli Araştırma Merkezi |
| 9 (RLIN) |
83930 |
| 856 ## - ELECTRONIC LOCATION AND ACCESS |
| Uniform Resource Identifier |
<a href="https://hbvdergisi.hacibayram.edu.tr/index.php/TKHBVD/issue/view/40">https://hbvdergisi.hacibayram.edu.tr/index.php/TKHBVD/issue/view/40</a> |
| 942 ## - ADDED ENTRY ELEMENTS (KOHA) |
| Koha item type |
Book |
| Source of classification or shelving scheme |
Library of Congress Classification |